Detecting and reducing corruption risk and fraud in the public sector

Salvato in:
Dettagli Bibliografici
Autore principale: Ochrana, František
Altri autori: Půček, Milan Jan, Plaček, Michal, Westbrook, Robert Michael
Natura: Libro
Lingua:inglese
Pubblicazione: Praha Karolinum Press 2017
Edizione:1. Edition
Soggetti:
Tags: Aggiungi Tag
Nessun Tag, puoi essere il primo ad aggiungerne!!

MARC

LEADER 00000nam a2200000 4500
001 0240165
005 20240221112640.5
020 |a 978-80-246-3589-7 
020 |a 978-80-246-3594-1 
041 0 |a eng 
044 |a CZ 
245 1 0 |a Detecting and reducing corruption risk and fraud in the public sector  |c František Ochrana, Milan Jan Půček, Michal Plaček ; translated by: Robert Michael Westbrook 
250 |a 1. Edition 
264 1 |a Praha  |b Karolinum Press  |c 2017 
300 |a 134 s. 
610 2 0 |a sektor verejný 
610 2 0 |a korupcia 
610 2 0 |a podvody 
610 2 0 |a riziko 
610 2 0 |a opatrenia 
610 2 0 |a kontrola 
610 2 0 |a metódy matematické 
610 2 0 |a metódy štatistické 
610 2 0 |a rozpočty 
610 2 0 |a transparentnosť 
610 2 0 |a štúdie prípadové 
100 1 |a Ochrana, František 
700 1 |a Půček, Milan Jan 
700 1 |a Plaček, Michal 
700 1 |a Westbrook, Robert Michael